Practical experience with inflation targeting international conference held at the Czech National Bank
Salvato in:
| Natura: | Libro |
|---|---|
| Lingua: | inglese |
| Pubblicazione: |
Praha
Czech National Bank
[2005]
|
| Soggetti: | |
| Tags: |
Nessun Tag, puoi essere il primo ad aggiungerne!!
|
MARC
| LEADER | 00000nam$a2200000$$$4500 | ||
|---|---|---|---|
| 001 | 0036227 | ||
| 005 | 20240104133919.4 | ||
| 041 | 0 | |a eng | |
| 044 | |a CZ | ||
| 245 | 1 | 0 | |a Practical experience with inflation targeting |b international conference held at the Czech National Bank |
| 264 | 1 | |a Praha |b Czech National Bank |c [2005] | |
| 300 | |a 175 s. | ||
| 610 | 2 | 0 | |a inflácia |
| 610 | 2 | 0 | |a plán |
| 610 | 2 | 0 | |a banky |
| 610 | 2 | 0 | |a banky centrálne |
| 610 | 2 | 0 | |a bankovníctvo |
| 610 | 2 | 0 | |a projekty |
| 610 | 2 | 0 | |a prognózy |
| 610 | 2 | 0 | |a politika peňažná |
| 610 | 2 | 0 | |a rozhodovanie |
| 610 | 2 | 0 | |a kurz devízový |
| 610 | 2 | 0 | |a intervencie devízové |
| 610 | 2 | 0 | |a trh devízový |
| 610 | 2 | 0 | |a komunikácia |
| 610 | 2 | 0 | |a práca s verejnosťou |
| 610 | 2 | 0 | |a Veľká Británia |
| 610 | 2 | 0 | |a Kanada |
| 610 | 2 | 0 | |a Česko |
| 610 | 2 | 0 | |a Švédsko |
| 610 | 2 | 0 | |a Austrália |
| 610 | 2 | 0 | |a Nový Zéland |
| 610 | 2 | 0 | |a Kolumbia |